Sergio Conceicao's Milan - Statistics

General Stats
  • This quiz has been taken 8 times
  • The average score is 25 of 32
Answer Stats
Rank Player Position Nationality Matches Goals Assists % Correct
8 Álex Jiménez Right-Back 25 0 2
100%
3 Christian Pulisic Right Winger 30 9 8
100%
13 Fikayo Tomori Centre-Back 20 0 2
100%
15 Malick Thiaw Centre-Back 17 0 1
100%
10 Matteo Gabbia Centre-Back 22 1 0
100%
2 Mike Maignan Goalkeeper 30 0 0
100%
6 Rafael Leão Left Winger 28 6 7
100%
20 Ruben Loftus-Cheek Central Midfield 8 0 0
100%
11 Strahinja Pavlović Centre-Back 21 1 2
100%
4 Theo Hernández Left-Back 29 3 4
100%
1 Tijjani Reijnders Central Midfield 31 6 2
100%
9 Yunus Musah Central Midfield 23 0 2
100%
25 Emerson Royal Right-Back 5 0 0
88%
23 Ismaël Bennacer Defensive Midfield 6 0 1
88%
12 João Félix Second Striker 21 3 1
88%
17 Luka Jović Centre-Forward 14 4 0
88%
18 Samuel Chukwueze Right Winger 14 2 2
88%
14 Santiago Gimenez Centre-Forward 19 6 3
88%
7 Tammy Abraham Centre-Forward 26 5 3
88%
5 Youssouf Fofana Defensive Midfield 29 0 3
88%
28 Davide Calabria Right-Back 4 0 0
75%
19 Filippo Terracciano Right-Back 10 0 0
75%
16 Kyle Walker Right-Back 16 0 0
75%
30 Noah Okafor Left Winger 1 0 0
75%
22 Álvaro Morata Centre-Forward 7 1 0
63%
24 Francesco Camarda Centre-Forward 6 0 0
63%
31 Alessandro Florenzi Right-Back 1 0 0
50%
27 Davide Bartesaghi Left-Back 5 0 0
38%
29 Marco Sportiello Goalkeeper 2 0 0
25%
32 Bob Murphy Omoregbe Right Winger 1 0 0
13%
21 Riccardo Sottil Left Winger 8 0 0
13%
26 Warren Bondo Central Midfield 5 0 0
13%
No matching quizzes found
Score Distribution
Percent of People with Each Score
Percentile by Number Answered
Your Score History
You have not taken this quiz